Normal view
MARC view
Entry Personal Name
001 - CONTROL NUMBER
- control field: 6733
003 - CONTROL NUMBER IDENTIFIER
- control field: BD-RjUL
005 - DATE AND TIME OF LATEST TRANSACTION
- control field: 20230129145801.0
008 - FIXED-LENGTH DATA ELEMENTS
- fixed length control field: 230129|| aca||aabn | a|a d
040 ## - CATALOGING SOURCE
- Original cataloging agency: BD-RjUL
- Transcribing agency: BD-RjUL
100 ## - HEADING--PERSONAL NAME
- Personal name: خان, سعيد احمد Khan, Saeed Ahmed
670 ## - SOURCE DATA FOUND
- Source citation: Work cat.: (BD-RjUL)81137: خان, سعيد احمد Khan, Saeed Ahmed, الحافظية : عربي صرف و نحو كي كتاب alhafiziat : earabiun sarf w nahw kay kitab /, 1951